000
00337pab a2200145 454500
008
180718b2002 xxu||||| |||| 00| 0 eng d
100
_a
Gupta, B.P.
245
_a
Panchayati raj: need of public participation
260
_c
2002
300
_a
p.21-25
362
_a
Mar
650
_a
Panchayat
773
_a
Kurukshetra
909
_a
51445
999
_c
51445
_d
51445